00238nam a2200097 a 450000500170000000800410001705000170005810000170007524500380009265000100013020140414132023.0110315s19uu xx 00 eng d aTRbIW1 2000 aMitton, Tony aI want to shout and stamp about!. aAngry